| 000 | 00585nam a2200181 i 4500 | ||
|---|---|---|---|
| 001 | 41649 | ||
| 003 | ES-MaACL | ||
| 005 | 20230906160452.0 | ||
| 007 | t| | ||
| 008 | 030311s1978 sp ||||1| spa d | ||
| 100 | 1 |
_aCasanova, Mauricio. _936105 |
|
| 245 | 1 | 3 |
_aLa guerra de España _b: el Frente Popular abrió las puertas a Franco / _cMauricio Casanova ; [traducción del francés, Meritxell Josá]. |
| 250 | _a[1ª ed.]. | ||
| 260 |
_a[Barcelona : _bFontamara, _c1978] |
||
| 300 |
_a173 p. ; _c19 cm. |
||
| 700 | 1 |
_aJosá, Meritxell. _966967 |
|
| 852 |
_aES-MaACL _jA-8724 _bR.97447 |
||
| 999 |
_c41649 _d41649 |
||